000
00286nam a2200121Ia 4500
100
_a
Houghton P.S.
942
_c
BK
654
_a
heat treatment.
245
_a
Heat Treatment of Metals I
260
_b
MAchinerys Standard Reference Series
_c
2001
082
_a
671.36
546
_a
ENGLISH
999
_c
28612
_d
28612